|
|
|
|
| LEADER |
01918nam a22003017a 4500 |
| 001 |
28096 |
| 003 |
BD-DhAAL |
| 005 |
20140709145528.0 |
| 008 |
140709s2011 bg ||||| |||| 00| 0 ben d |
| 020 |
|
|
|a 9789848857427
|
| 040 |
|
|
|a BD-DhAAL
|c BD-DhAAL
|
| 082 |
|
|
|2 23
|a 891.44
|
| 100 |
|
|
|a চন্দর, কৃষণ
|9 5319
|
| 245 |
|
|
|a গাদ্দার /
|c মূল কৃষণ চন্দর, অনুবাদ ও সম্পাদনা আনোয়ারা বেগম
|
| 260 |
|
|
|a ঢাকা :
|b মুক্তধারা,
|c ২০১১
|
| 300 |
|
|
|a ৮৮ পৃ. ;
|c ২১ সে. মি.
|
| 541 |
|
|
|e 28096, 28097, 28098, 28099, 28100
|
| 650 |
|
|
|a Bengali Literature
|9 5320
|
| 650 |
|
|
|a বাংলা সাহিত্য
|9 5321
|
| 700 |
|
|
|a বেগম, আনোয়ারা
|9 5322
|
| 852 |
|
|
|a Ayesha Abed Library
|c General Stacks
|
| 942 |
|
|
|2 ddc
|c BK
|
| 999 |
|
|
|c 32848
|d 32848
|
| 952 |
|
|
|0 0
|1 0
|2 ddc
|4 0
|6 891_440000000000000_CHA
|7 0
|9 43078
|a BRACUL
|b BRACUL
|c GEN
|d 2014-07-09
|e Development Book Agency
|g 120.00
|l 1
|o 891.44 CHA
|p 3010028096
|q 2026-05-21
|r 2026-05-14
|s 2026-05-14
|t 1
|w 2014-07-09
|y BK
|
| 952 |
|
|
|0 0
|1 0
|2 ddc
|4 0
|6 891_440000000000000_CHA
|7 0
|9 43079
|a BRACUL
|b BRACUL
|c GEN
|d 2014-07-09
|e Development Book Agency
|g 120.00
|l 5
|m 9
|o 891.44 CHA
|p 3010028097
|r 2026-04-08
|s 2026-03-07
|t 2
|w 2014-07-09
|y BK
|
| 952 |
|
|
|0 0
|1 0
|2 ddc
|4 0
|6 891_440000000000000_CHA
|7 0
|9 43080
|a BRACUL
|b BRACUL
|c GEN
|d 2014-07-09
|e Development Book Agency
|g 120.00
|l 0
|o 891.44 CHA
|p 3010028098
|r 2014-07-09
|t 3
|w 2014-07-09
|y BK
|
| 952 |
|
|
|0 0
|1 0
|2 ddc
|4 0
|6 891_440000000000000_CHA
|7 0
|9 43081
|a BRACUL
|b BRACUL
|c GEN
|d 2014-07-09
|e Development Book Agency
|g 120.00
|l 1
|m 9
|o 891.44 CHA
|p 3010028099
|r 2018-08-28
|s 2018-05-14
|t 4
|w 2014-07-09
|y BK
|
| 952 |
|
|
|0 0
|1 0
|2 ddc
|4 0
|6 891_440000000000000_CHA
|7 0
|9 43082
|a BRACUL
|b BRACUL
|c GEN
|d 2014-07-09
|e Development Book Agency
|g 120.00
|l 2
|m 2
|o 891.44 CHA
|p 3010028100
|r 2016-05-04
|s 2016-05-02
|t 5
|w 2014-07-09
|y BK
|